• 首页
  • 本馆介绍
  • 公告通知
  • 最新文献
  • 馆藏检索
  • 电子资源
  • 读者导购
  • 参考咨询
  • 我的图书馆
  • 登录
  • 详细信息显示
  • 放入我的书架
  • 预约/预借图书
  • 作者相关作品
  • 分类相关作品
  • 丛书相关作品
  • 出版社相关作品

书目信息

  • 表格格式
  • 工作单格式
  • 卡片格式
题名:
北大西洋诸岛
    
 
作者: 辛生 著
分册:  
出版信息: 北京   海洋出版社  1980.08
页数: 108页
开本: 19cm
丛书名:
单 册:
中图分类: P725.1
科图分类:
主题词: 海洋学--区域
电子资源:
ISBN:
000 00532nam0 2200205 45
001 0405241707
005 20040907150952.6
010    @dCNY0.38
091    @a12193.0023
100    @a20040524d1980 km y0chiy0120 ea
101 0  @achi
105    @a z 000yy
200 1  @a北大西洋诸岛@ABei Da Xi Yang Zhu Dao@f辛生著@FXin Sheng Zhu
210    @a北京@c海洋出版社@d1980.08
215    @a108页@d19cm
606 0  @a海洋学@x区域
690    @aP725.1@v3
701  0 @a辛生@4著
801    @aCN@bPftUser@c20040524
905    @dP725.1@e4@f1@b34882
    
    北大西洋诸岛/辛生著.-北京:海洋出版社,1980.08
    108页;19cm
    
    
    ISBN :CNY0.38
    
●
相关链接 在E读中查询图书 在五车中查询图书 在当当中查询图书 在豆瓣中查询图书


正题名:北大西洋诸岛     索取号:P725.1/4         预约/预借

序号 登录号 条形码 馆藏地/架位号 状态 备注
1 0034881   000624818   密集书库/ [索取号:P725.1/4] 在馆    
2 0034882   001948888   第三借阅区/ [索取号:P725.1/4] 在馆    
3 0034883   000624809   密集书库/ [索取号:P725.1/4] 在馆    
4 0034884   000624792   密集书库/ [索取号:P725.1/4] 在馆    
5 0034885   000624827   第二样本阅览室/ [索取号:P725.1/4] 在馆    
唐山师范学院图书馆 欢迎您!
大连网信软件有限公司© 版权所有